| 000 | 01463nam0a22002771 4500 | ||
|---|---|---|---|
| 001 | v19\rc\1946212 | ||
| 005 | 20251118180859.4 | ||
| 035 | _a(NLR Aleph) 005031773 | ||
| 090 |
_a6698823 _c6698823 |
||
| 100 | _a20251123 rusy50 | ||
| 101 | 0 | _arus | |
| 102 | _aRU | ||
| 105 | _ay z ||||| | ||
| 200 | 1 |
_aСтрахование рабочих от несчастных случаев в золотопромышленных предприятиях _eС прил. "Правил... первой помощи при несчастных случаях" и "Инструкции лицам, призванным подать первую помощь... на драгах и в мастерских южной части Енисейского округа" _fГорн. инж. С.А. Гумницкий _gПостоян. совещат. контора золото- и платинопромышленников |
|
| 210 |
_aСанкт-Петербург _cТипо-лит. "Якорь" _d1913 |
||
| 215 |
_a42 с. _d24 |
||
| 311 | _aОтт. ст. из журн. "Золото и платина" | ||
| 488 | 0 |
_12001#$aЗолото и платина _tЗолото и платина |
|
| 700 | 1 |
_aГумницкий _bС.А. _gСтанислав Адольфович |
|
| 801 | 0 |
_aRU _bNLR _gpsbo |
|
| 801 | 0 |
_aRU _bRuMoRGB _2psbo |
|
| 801 | 1 |
_aRU _bProSoft-M _2rusmarc |
|
| 852 |
_aNLR _j57-7/1137 |
||
| 899 |
_aRuMoRGB _jU 402/464 |
||
| 942 | _cBOOK | ||
| 980 | _aNB | ||